| 000 | 01644cam a2200361 a 4500 | ||
|---|---|---|---|
| 999 |
_c26811 _d26811 |
||
| 001 | 3527284 | ||
| 003 | OSt | ||
| 005 | 20170206122249.0 | ||
| 008 | 961119s1997 ilua b 000 0 eng | ||
| 010 | _a 96049866 | ||
| 020 | _a1555951368 (hc) | ||
| 020 | _a0865591423 (sc) | ||
| 040 |
_aDLC _cDLC _dDLC |
||
| 050 | 0 | 0 | _aN6537.A437A4 1997 |
| 082 | 0 | 0 |
_a709/.2 _221 |
| 100 | 1 |
_aDonnell, Courtney Graham. _d1997- |
|
| 245 | 1 | 0 |
_aIvan Albright / _corganized by Courtney Graham Donnell ; with contributions by Courtney Graham Donnell, Susan S. Weininger, and Robert Cozzolino ; edited by Susan F. Rossen. |
| 250 | _a1st ed. | ||
| 260 |
_a[Chicago] : _bArt Institute of Chicago ; _aNew York : _bDistributed by Hudson Hills Press, _c1997. |
||
| 300 |
_a208 p. : _bill. (some col.) ; _c31 cm. |
||
| 500 | _aIncludes bibliographical references . | ||
| 600 | 1 | 0 |
_aAlbright, Ivan, _d1897-1983 _vExhibitions. |
| 700 | 1 | _aWeininger, Susan. | |
| 700 | 1 | _aCozzolino, Robert, 1970- | |
| 700 | 1 | _aRossen, Susan F. | |
| 710 | 2 | _aArt Institute of Chicago. | |
| 710 | 2 | _aMetropolitan Museum of Art (New York, N.Y.) | |
| 906 |
_a7 _bcbc _corignew _d1 _eocip _f19 _gy-gencatlg |
||
| 942 |
_2lcc _cBOOKS _hN6537.A437A4 1997 _k33851 |
||